Suez (Record no. 165580)

MARC details
000 -LEADER
campo de control de longitud fija 00744nam a22001935i 4500
001 - NÚMERO DE CONTROL
campo de control 165580
003 - IDENTIFICADOR DE NÚMERO DE CONTROL
campo de control ES-MaACL
005 - FECHA Y HORA DE LA ÚLTIMA TRANSACCIÓN
campo de control 20230906213152.0
008 - DATOS DE LONGITUD FIJA--INFORMACIÓN GENERAL
campo de control de longitud fija 050826s1870 fr a | |||||||| ||fre d
040 ## - FUENTE DE CATALOGACIÓN
Centro catalogador/agencia de origen CAM
Lengua de catalogación spa
Centro/agencia transcriptor CAM
100 1# - ENTRADA PRINCIPAL--NOMBRE DE PERSONA
Nombre de persona Sorin, Elie.
9 (RLIN) 132833
245 10 - MENCIÓN DEL TÍTULO
Título Suez
Resto del título : histoire de la jonction des deux mers /
Mención de responsabilidad, etc. par Elie Sorin.
260 ## - PUBLICACIÓN, DISTRIBUCIÓN, ETC.
Lugar de publicación, distribución, etc. Paris :
Nombre del editor, distribuidor, etc. P. Brunet libraire-éditeur,
Fecha de publicación, distribución, etc. 1870 (
Lugar de fabricación/manufactura Abbeville :
Fabricante imp. Briez, C. Paillart et Retaux)
300 ## - DESCRIPCIÓN FÍSICA
Extensión 229 p., [1] h. de lám., [2] h. pleg. de mapa ;
Dimensiones 19 cm.
650 04 - PUNTO DE ACCESO ADICIONAL DE MATERIA--TÉRMINO DE MATERIA
Término de materia o nombre geográfico como elemento de entrada Canal de Suez-
Subdivisión general Historia-
Subdivisión de forma Fuentes.
9 (RLIN) 224208
752 ## - ENTRADA AGREGADA--NOMBRE JERÁRQUICO DEL LUGAR
País o entidad superior Francia -
Ciudad París
852 ## - LOCALIZACIÓN
Ubicación ES-MaACL
Número de control de estantería D-2558
Nota libre -- Rust.
-- -- Legado M. de la Fuente
condición física -- Falto de la [1] h. de lám.
Holdings
Estatus retirado Estado de pérdida Estado de daño No para préstamo Colección Biblioteca de origen Biblioteca actual Ubicación en estantería Fecha de adquisición Fuente de adquisición Total de préstamos Signatura topográfica completa Código de barras Visto por última vez Precio de reemplazo Tipo de ítem Koha
        Libros del s. XIX Biblioteca del Ateneo de Madrid Biblioteca del Ateneo de Madrid Sala Valle Inclán 17/01/2008     D-2558 901173647 23/02/2023 23/02/2023 Libro impreso antiguo